000 00705nam a2200205Ia 4500
001 9647
003 GE_BSU
008 181216s||||||||xx |||||||||||||| ||und||
040 _cGE_BSU
080 _a821.353.1–1+821.353.1-11
100 _aლეონიძე,გიორგი
245 _aერთტომეული. ლექსები,პოემები
245 _cრედ.შ.აფხაიძე.მხატვ.გ.გორდელაძე
260 _aთბილისი
260 _bსახელგამი
260 _c1954
300 _a640გვ.23სმ.1ფ.პორტრ.
653 _aლექსები და პოემები
942 _cBK
999 _c42931
_d42931